<?xml version="1.0" encoding="UTF-8"?><?xml-stylesheet type="text/xsl" href="static/style.xsl"?><OAI-PMH xmlns="http://www.openarchives.org/OAI/2.0/" xmlns:xsi="http://www.w3.org/2001/XMLSchema-instance" xsi:schemaLocation="http://www.openarchives.org/OAI/2.0/ http://www.openarchives.org/OAI/2.0/OAI-PMH.xsd"><responseDate>2026-04-14T15:12:48Z</responseDate><request verb="GetRecord" identifier="oai:uvadoc.uva.es:10324/36088" metadataPrefix="marc">https://uvadoc.uva.es/oai/request</request><GetRecord><record><header><identifier>oai:uvadoc.uva.es:10324/36088</identifier><datestamp>2021-06-29T23:32:48Z</datestamp><setSpec>com_10324_38</setSpec><setSpec>col_10324_852</setSpec></header><metadata><record xmlns="http://www.loc.gov/MARC21/slim" xmlns:doc="http://www.lyncode.com/xoai" xmlns:xsi="http://www.w3.org/2001/XMLSchema-instance" xmlns:dcterms="http://purl.org/dc/terms/" xsi:schemaLocation="http://www.loc.gov/MARC21/slim http://www.loc.gov/standards/marcxml/schema/MARC21slim.xsd">
<leader>00925njm 22002777a 4500</leader>
<datafield tag="042" ind1=" " ind2=" ">
<subfield code="a">dc</subfield>
</datafield>
<datafield tag="720" ind1=" " ind2=" ">
<subfield code="a">Gracia Morena, Raquel de</subfield>
<subfield code="e">author</subfield>
</datafield>
<datafield tag="260" ind1=" " ind2=" ">
<subfield code="c">2019</subfield>
</datafield>
<datafield tag="520" ind1=" " ind2=" ">
<subfield code="a">El presente Trabajo Final de Grado (TFG) se ha ideado entorno a la realización de un Plan de Empresa para la creación de una agencia Inmobiliaria, que prestaría los servicios propios de una inmobiliaria, además de otros servicios más innovadores como el cambio de uso de inmuebles, ofreciendo la posibilidad de convertir locales sin salida en el mercado inmobiliario en viviendas. Para determinar su viabilidad se ha analizado el entorno del sector inmobiliario a nivel nacional, regional y local, se han definido un plan estratégico, un plan de operaciones, un plan de recursos humanos y un plan de marketing. Además, se ha realizado un estudio de viabilidad económico financiero para determinar si la empresa ofrecería rentabilidad a su propietario</subfield>
</datafield>
<datafield tag="024" ind2=" " ind1="8">
<subfield code="a">http://uvadoc.uva.es/handle/10324/36088</subfield>
</datafield>
<datafield tag="245" ind1="0" ind2="0">
<subfield code="a">Estudio de viabilidad y plan de empresa de la agencia inmobiliaria Plantabaja.com</subfield>
</datafield>
</record></metadata></record></GetRecord></OAI-PMH>